| 000 | 00609nam a22001577a 4500 | ||
|---|---|---|---|
| 003 | OSt | ||
| 005 | 20150915104125.0 | ||
| 008 | 150915b xxu||||| |||| 00| 0 eng d | ||
| 040 | _cRUA | ||
| 082 | _aAGR CHE 2002 B027 Or.1 | ||
| 100 |
_9497 _aCHEM, SOCHEA. |
||
| 245 | _aindigenous knowledge of farmers in planting banana and mango fruit trees (ចំណោះដឹងមានស្រាប់របស់កសិករលើការដំាដុះឈើហូបផ្លៃ ចេក និង ស្វាយ) | ||
| 260 |
_aPhnom Penh _bRUA _c2002 |
||
| 300 |
_a77p. _bill. _c29cm. |
||
| 942 |
_2ddc _cAGR |
||
| 999 |
_c477 _d477 |
||